书目信息 |
| 题名: |
建筑学毕业生就业指导手册
|
|
| 作者: | 黄春华 编著 | |
| 分册: | ||
| 出版信息: | 北京 中国建筑工业出版社 2022.06 |
|
| 页数: | 302页 | |
| 开本: | 23cm | |
| 丛书名: | 全国建筑院校毕业生就业指导丛书 | |
| 单 册: | ||
| 中图分类: | TU-0 | |
| 科图分类: | ||
| 主题词: | 建筑学--jian zhu xue--高等学校--毕业生--就业--手册 | |
| 电子资源: | ||
| ISBN: | 978-7-112-26997-6 | |
| 000 | 01390nam 2200265 450 | |
| 001 | 27201 | |
| 005 | 20220921093459.95 | |
| 010 | @a978-7-112-26997-6@dCNY68.00 | |
| 100 | @a20220805d2022 em y0chiy50 ea | |
| 101 | 0 | @achi |
| 102 | @aCN@b110000 | |
| 105 | @aa a 000yy | |
| 200 | 1 | @a建筑学毕业生就业指导手册@Ajian zhu xue bi ye sheng jiu ye zhi dao shou ce@f黄春华 ... [等] 编著 |
| 210 | @a北京@c中国建筑工业出版社@d2022.06 | |
| 215 | @a302页@c图@d23cm | |
| 225 | 2 | @a全国建筑院校毕业生就业指导丛书@Aquan guo jian zhu yuan xiao bi ye sheng jiu ye zhi dao cong shu |
| 304 | @a题名页题其余责任者: 任震, 江海涛, 谷郁, 李尊雨, 李好明等 | |
| 320 | @a有书目 (第301-302页) | |
| 330 | @a本书以就业指导为题, 涉及毕业生所关注的就业计划、工作单位、工作内容、执业要求、行业概况、建设项目、建设法规、建设标准等内容。从业单位包含了各类设计企业、房产开发企业、管理咨询公司及政府相关部门等, 可从事的工作涉及咨询分析、产品研发、前期策划、技术设计、项目管理、设计管理等方面。本手册不仅系统介绍了建筑设计工作及其各阶段工作内容、程序和要求, 还详细介绍了项目设计管理工作在项目前期策划与实施阶段的管理模式、组织流程及建筑设计工作的配合要求。 | |
| 410 | 0 | @12001 @a全国建筑院校毕业生就业指导丛书 |
| 606 | 0 | @a建筑学@Ajian zhu xue@x高等学校@x毕业生@x就业@j手册 |
| 690 | @aTU-0@v5 | |
| 701 | 0 | @a黄春华@Ahuang chun hua@4编著 |
| 801 | 0 | @aCN@c20220910 |
| 905 | @a河南城建学院图书馆@dTU-0@eH810@f2 | |
| 建筑学毕业生就业指导手册/黄春华 ... [等] 编著.-北京:中国建筑工业出版社,2022.06 |
| 302页:图;23cm.-(全国建筑院校毕业生就业指导丛书) |
| ISBN 978-7-112-26997-6:CNY68.00 |
| 本书以就业指导为题, 涉及毕业生所关注的就业计划、工作单位、工作内容、执业要求、行业概况、建设项目、建设法规、建设标准等内容。从业单位包含了各类设计企业、房产开发企业、管理咨询公司及政府相关部门等, 可从事的工作涉及咨询分析、产品研发、前期策划、技术设计、项目管理、设计管理等方面。本手册不仅系统介绍了建筑设计工作及其各阶段工作内容、程序和要求, 还详细介绍了项目设计管理工作在项目前期策划与实施阶段的管理模式、组织流程及建筑设计工作的配合要求。 |
| ● |
| 相关链接 |
|
|
|
正题名:建筑学毕业生就业指导手册
索取号:TU-0/H810
 
预约/预借
| 序号 | 登录号 | 条形码 | 馆藏地/架位号 | 状态 | 备注 |
| 1 | 1579061 | 215790614 | 建筑库101/101建筑库 2排2列3层/ [索取号:TU-0/H810] | 在馆 | |
| 2 | 1579062 | 215790623 | 建筑库101/101建筑库 2排1列5层/ [索取号:TU-0/H810] | 在馆 |